000 00685nam a2200205 i 4500
001 167135
003 ES-MaACL
005 20231227145834.0
008 960320s1878 sp |||| | spa d
040 _aCARM
_bspa
_cCCPB | SIC
080 _a821.134.2-14"18"
100 1 _aVelarde, José,
_d1848-1892
_9133592
245 1 0 _aNuevas poesías /
_cJ.P. Velarde.
260 _aSevilla :
_bFrancisco Alvarez y Cª,
_c1878.
300 _a201 p. ;
_c20 cm.
530 _aDisponible en formato digital.
852 _aES-MaACL
_jF-8739
_z-- Enc. pasta
856 _uhttp://bdh-rd.bne.es/viewer.vm?id=0000099468&page=1
_zBiblioteca Digital Hispánica
999 _c167135
_d167135